000 00921nam a22002057a 4500
005 20260227101515.0
008 231116b ||||| |||| 00| 0 eng d
082 _aDPer 371.905 Ex22 January-December 2022 v. 30 n. 1-5
100 _aGage, Nicholas A.
_eauthor.
_949982
245 _aNational trends and school-level predictors of restraint and seclusion for students with disabilities /
_cNicholas A. Gage, Danielle L. Pico, and Lauren Evanovich.
260 _aPhiladelphia ;
_bTaylor & Francis Group ,
_cJanuary 2022.
300 _aVolume 30, pages 1-13 :
_billustration ;
_c26 cm.
500 _aExceptionality: A Special Education Journal, vol. 30, no. 1, pages 1-13, January 2022.
650 0 _aStudents.
_919468
650 _aSolitude.
_949983
700 _aGage, Nicholas A.
_eauthor.
_949982
700 _aPico, Danielle L.
_eauthor.
_949984
700 _aEvanovich, Lauren.
_eauthor.
_949985
942 _2ddc
_cPER
999 _c18425
_d18425